Higher education in Bengal 1919-47 : (Record no. 126504)

MARC details
000 -LEADER
fixed length control field 00788nam a22002297a 4500
005 - DATE AND TIME OF LATEST TRANSACTION
control field 20170124110011.0
010 ## - LIBRARY OF CONGRESS CONTROL NUMBER
LC control number A-903882
020 ## - INTERNATIONAL STANDARD BOOK NUMBER
Terms of availability 00.00
International Standard Book Number 8185195765
035 ## - SYSTEM CONTROL NUMBER
System control number A-903882
037 ## - SOURCE OF ACQUISITION
Source of stock number/acquisition Cen Lib/Ret
040 ## - CATALOGING SOURCE
Original cataloging agency DPL
Language of cataloging EN
082 ## - DEWEY DECIMAL CLASSIFICATION NUMBER
Classification number 378.5452
Item number CHA
100 ## - MAIN ENTRY--PERSONAL NAME
Personal name Chakraborty, Rachana
9 (RLIN) 17699
245 ## - TITLE STATEMENT
Title Higher education in Bengal 1919-47 :
Statement of responsibility, etc by Rachana Chakraborty
Remainder of title a study of its administration and management /
260 ## - PUBLICATION, DISTRIBUTION, ETC. (IMPRINT)
Place of publication, distribution, etc Calcutta
Name of publisher, distributor, etc Minerva Publications
Date of publication, distribution, etc 1997
270 ## - ADDRESS
Address 7-B, Lake Place
City Calcutta
Postal code 700029
300 ## - PHYSICAL DESCRIPTION
Extent xii,182p.
Dimensions 21(Hb)
500 ## - GENERAL NOTE
General note Includes bibliographic references and index
650 ## - SUBJECT ADDED ENTRY--TOPICAL TERM
Topical term or geographic name as entry element Universities and colleges--Administration
9 (RLIN) 16914
650 ## - SUBJECT ADDED ENTRY--TOPICAL TERM
Topical term or geographic name as entry element Education, Higher
9 (RLIN) 8924
942 ## - ADDED ENTRY ELEMENTS (KOHA)
Source of classification or shelving scheme Dewey Decimal Classification
Koha item type English Books
Classification part 378.5452
Call number suffix CHA
Holdings
Withdrawn status Lost status Damaged status Not for loan Home library Current library Date acquired Source of acquisition Cost, normal purchase price Total Checkouts Full call number Barcode Date last seen Copy number Cost, replacement price Price effective from Koha item type Public note Source of classification or shelving scheme Collection code
Written off       Central Library Central Library 25/06/2015 Cen Lib/Ret 0.00   378.5452 CHA A-903882 25/06/2015 1 0.00 25/06/2015 English Books Written off on approval by DLB (By Circulation); dtd 15-06-2023    
Written off       Central Library Central Library 01/11/2016   0.00   378.5452 CHA A-903881 01/11/2016 2 0.00 01/11/2016 English Books Written off on approval by DLB (By Circulation); dtd 15-06-2023 Dewey Decimal Classification  
        Sarojini Nagar Sarojini Nagar 09/03/2019       378.5452 CHA A-903883 09/03/2019     09/03/2019 English Books   Dewey Decimal Classification Non-fiction

© Delhi Public Library
Hit Counter
free hit counter